[Event "FRA-ch U18 Girls"]
[Site "Saint Paul Trois Chateaux"]
[Date "2013.05.01"]
[Round "4"]
[White "Thomas, Anysia"]
[Black "Caron, Audrey"]
[Result "1-0"]
[WhiteElo "1847"]
[BlackElo "1350"]
[PlyCount "61"]
[EventDate "2013.04.28"]
[EventType "swiss"]
[EventRounds "9"]
[EventCountry "FRA"]
[SourceTitle "CBM 154 Extra"]
[Source "ChessBase"]
[SourceDate "2013.06.25"]
[SourceVersion "2"]
[SourceVersionDate "2013.06.25"]
[SourceQuality "1"]

1. d4 d5 2. c4 e6 3. Nc3 Nf6 4. cxd5 Nxd5 5. e4 Nf6 6. Bg5 Be7 7. Nf3 Nbd7 8. Bd3 0-0 9. 0-0 b6 10. Qe2 Bb7 11. e5 Nd5 12. Bxe7 Nxe7 13. Bxh7+ Kh8 14. Be4 Bxe4 15. Qxe4 g6 16. Qh4+ Kg7 17. Ng5 Rh8 18. Qf4 Qf8 19. Nge4 Nf5 20. Ng3 c5 21. d5 Nxg3 22. fxg3 f5 23. dxe6 Nb8 24. Qf3 Nc6 25. Qxc6 Qc8 26. Qd6 Qd8 27. e7 Qc8 28. Qf6+ Kh6 29. Rf4 Kh7 30. Rh4+ Kg8 31. Qxg6# 1-0